| 000 | 00579nam a2200205Ia 4500 | ||
|---|---|---|---|
| 999 |
_c7320 _d7320 |
||
| 008 | 200103s 1996 ||||xx |||||||||||||| ||und|| | ||
| 020 | _a9788121913379 | ||
| 082 |
_a621.402 _bKHU |
||
| 100 | _aKhurmi, R.S. | ||
| 245 | 2 | _aA textbook of thermal engineering (mechanical technology): S.I. units | |
| 250 | _a13th | ||
| 260 |
_bS.Chand & Company Ltd. _c1996 _aNew Delhi |
||
| 300 | _a843 p.: ill. | ||
| 650 | _aHeat engineering | ||
| 650 | _aHeat-engines | ||
| 650 | _aThermodynamics | ||
| 650 | _aFluid dynamics | ||
| 700 |
_aGupta, J.K. _eCo-author |
||
| 942 | _cBK | ||